[Event "Aeroflot Open 2007"]
[Site "Moscú RUS"]
[Date "2007.02.20"]
[Round "7.31"]
[White "Maslak, Konstantin"]
[Black "Moiseenko, Alexander"]
[Result "1/2-1/2"]
[WhiteElo "2539"]
[BlackElo "2627"]
[PlyCount "46"]
[EventDate "2007.02.14"]
[EventType "swiss"]
[EventRounds "9"]
[EventCountry "RUS"]
[Source "lmi"]
[SourceDate "2007.02.13"]

1. e4 c5 2. Nf3 Nc6 3. d4 cxd4 4. Nxd4 Nf6 5. Nc3 e5 6. Ndb5 d6 7. Bg5 a6 8.
Na3 b5 9. Nd5 Be7 10. Bxf6 Bxf6 11. c3 Bg5 12. Nc2 Ne7 13. Ncb4 O-O 14. a4 bxa4
15. Rxa4 a5 16. Nxe7+ Qxe7 17. Nd5 Qb7 18. b4 Be6 19. Bc4 axb4 20. Rxb4 Qa7 21.
O-O Kh8 22. Qb3 Qa3 23. Nb6 Qxb3 1/2-1/2

[Event "Aeroflot Open 2007"]
[Site "Moscú RUS"]
[Date "2007.02.20"]
[Round "7.32"]
[White "Vorobiov, Evgeny E"]
[Black "Vitiugov, Nikita"]
[Result "1/2-1/2"]
[WhiteElo "2563"]
[BlackElo "2604"]
[PlyCount "153"]
[EventDate "2007.02.14"]
[EventType "swiss"]
[EventRounds "9"]
[EventCountry "RUS"]
[Source "lmi"]
[SourceDate "2007.02.13"]

1. e4 e6 2. Nf3 d5 3. Nc3 d4 4. Ne2 c5 5. c3 Nf6 6. cxd4 cxd4 7. Nexd4 Nxe4 8.
Nxe6 Bxe6 9. Qa4+ Nc6 10. Qxe4 Bc5 11. Bc4 O-O 12. O-O Re8 13. d3 h6 14. Bxe6
Rxe6 15. Qc4 Qb6 16. Bd2 Nd4 17. Nxd4 Bxd4 18. Bc3 Rd8 19. Bxd4 Qxd4 20. Rae1
Qxd3 21. Qa4 Rxe1 22. Rxe1 Qd2 23. Re8+ Kh7 24. Qe4+ g6 25. h4 Rd4 26. Qe5 Qd1+
27. Qe1 Qa4 28. b3 Qxa2 29. g3 Qc2 30. Qe3 Rd1+ 31. Kg2 Qc6+ 32. Qe4 Qxe4+ 33.
Rxe4 Rd7 34. g4 Kg7 35. f3 Rd5 36. Kg3 Rb5 37. b4 Kf6 38. Rf4+ Ke6 39. Re4+ Re5
40. Rc4 Rb5 41. Re4+ Kd6 42. Rd4+ Rd5 43. Rc4 g5 44. h5 f5 45. f4 gxf4+ 46.
Rxf4 Ke6 47. Kh4 fxg4 48. Rxg4 Ke5 49. Kg3 Rd6 50. Rg7 Rb6 51. Rg4 Kf5 52. Rd4
Rb5 53. Rg4 Rb6 54. Rd4 Ke5 55. Rg4 Ke6 56. Re4+ Kf5 57. Rg4 Rb5 58. Rg6 Rxb4
59. Rxh6 Kg5 60. Rh8 a5 61. Kf2 a4 62. Ke2 b5 63. Kd3 a3 64. h6 Kg6 65. h7 Rb3+
66. Kc2 Rb2+ 67. Kc1 b4 68. Rg8+ Kxh7 69. Rg3 Kh6 70. Rg8 Kh5 71. Rg7 Kh4 72.
Rg6 Kh3 73. Rg7 Kh2 74. Ra7 Kg1 75. Ra6 Kf2 76. Ra7 Ke2 77. Rxa3 1/2-1/2

[Event "Aeroflot Open 2007"]
[Site "Moscú RUS"]
[Date "2007.02.20"]
[Round "7.33"]
[White "Belov, Vladimir"]
[Black "Nguyen, Ngoc Truongson"]
[Result "1/2-1/2"]
[WhiteElo "2600"]
[BlackElo "2528"]
[PlyCount "75"]
[EventDate "2007.02.14"]
[EventType "swiss"]
[EventRounds "9"]
[EventCountry "RUS"]
[Source "lmi"]
[SourceDate "2007.02.13"]

1. e4 e6 2. d4 d5 3. Nc3 Nf6 4. e5 Nfd7 5. f4 c5 6. Nf3 Qb6 7. Be3 Nc6 8. Na4
Qa5+ 9. c3 c4 10. b4 Qc7 11. Nb2 Be7 12. a4 a6 13. Qb1 Rb8 14. Nd1 b5 15. a5 f5
16. Rg1 Nf8 17. Ra2 Bd8 18. h3 Qf7 19. Bc1 Ng6 20. g3 Rb7 21. Ne3 Kd7 22. Rf2
Kc7 23. Ng5 Qe8 24. Bg2 Kb8 25. Bh1 Nf8 26. g4 Bxg5 27. fxg5 fxg4 28. Rxg4 Rf7
29. Qc2 Ng6 30. Rxf7 Qxf7 31. Qf2 Qxf2+ 32. Kxf2 Rf8+ 33. Kg3 Nce7 34. h4 Nf5+
35. Nxf5 exf5 36. Rf4 Nxf4 37. Bxf4 Be6 38. h5 1/2-1/2

[Event "Aeroflot Open 2007"]
[Site "Moscú RUS"]
[Date "2007.02.20"]
[Round "7.34"]
[White "Nepomniachtchi, Ian"]
[Black "Drozdovskij, Yuri"]
[Result "0-1"]
[WhiteElo "2587"]
[BlackElo "2562"]
[PlyCount "42"]
[EventDate "2007.02.14"]
[EventType "swiss"]
[EventRounds "9"]
[EventCountry "RUS"]
[Source "lmi"]
[SourceDate "2007.02.13"]

1. e4 e6 2. Nf3 d5 3. Nc3 dxe4 4. Nxe4 Nd7 5. d4 Ngf6 6. Nxf6+ Nxf6 7. Bd3 c5
8. dxc5 Bxc5 9. Qe2 O-O 10. Bg5 h6 11. h4 Qa5+ 12. c3 Ng4 13. Nd4 e5 14. Qe4 g6
15. h5 Bxd4 16. hxg6 f5 17. Bc4+ Kg7 18. Bxh6+ Kxg6 19. Qf3 Bxf2+ 20. Ke2 Rh8
21. Bd2 Be6 0-1

[Event "Aeroflot Open 2007"]
[Site "Moscú RUS"]
[Date "2007.02.20"]
[Round "7.35"]
[White "Hou, Yifan"]
[Black "Azarov, Sergei"]
[Result "0-1"]
[WhiteElo "2509"]
[BlackElo "2583"]
[PlyCount "136"]
[EventDate "2007.02.14"]
[EventType "swiss"]
[EventRounds "9"]
[EventCountry "RUS"]
[Source "lmi"]
[SourceDate "2007.02.13"]

1. e4 e5 2. Nf3 Nc6 3. Bb5 a6 4. Ba4 Nf6 5. O-O Be7 6. Re1 b5 7. Bb3 O-O 8. a4
Bb7 9. d3 d6 10. c3 Nd7 11. Bc2 Bf6 12. Na3 Ne7 13. Be3 c6 14. d4 Qc7 15. h3
Rad8 16. Qe2 Rfe8 17. axb5 axb5 18. d5 Rb8 19. Bd3 Nc8 20. dxc6 Bxc6 21. Nxb5
Qb7 22. c4 Bxe4 23. Bxe4 Qxe4 24. Ra6 Be7 25. Qd2 Qxc4 26. Nxd6 Nxd6 27. Rxd6
Bxd6 28. Qxd6 Qe6 29. Qxe6 Rxe6 30. Rd1 Nf8 31. Bc5 f6 32. b4 Ree8 33. Nh4 Red8
34. Ra1 Ne6 35. Nf5 Rd7 36. Bd6 Rbd8 37. Ra6 Nd4 38. Nxd4 exd4 39. Bc5 d3 40.
Ra1 d2 41. Rd1 Ra8 42. Be3 Ra2 43. b5 Rb2 44. b6 Kf7 45. g3 h5 46. h4 Ke6 47.
Kg2 Kf5 48. Kf3 Rd5 49. b7 Rxb7 50. Rxd2 Rxd2 51. Bxd2 Rb3+ 52. Be3 Ra3 53. Kg2
Ke4 54. Bc5 Rf3 55. Bf8 g6 56. Bh6 Rf5 57. Be3 Kd3 58. Kf1 Rb5 59. Bf4 Rb1+ 60.
Kg2 Ke2 61. Be3 Rb3 62. Bd4 Rf3 63. Bb6 f5 64. Bc5 f4 65. gxf4 Rxf4 66. Kg3
Rg4+ 67. Kh3 Kf3 68. Bb6 Rg2 0-1

[Event "Aeroflot Open 2007"]
[Site "Moscú RUS"]
[Date "2007.02.21"]
[Round "8.7"]
[White "Sargissian, Gabriel"]
[Black "Bocharov, Dmitry"]
[Result "1-0"]
[WhiteElo "2658"]
[BlackElo "2602"]
[PlyCount "91"]
[EventDate "2007.02.14"]
[EventType "swiss"]
[EventRounds "9"]
[EventCountry "RUS"]
[Source "lmi"]
[SourceDate "2007.02.13"]

1. d4 d5 2. c4 c6 3. Nf3 Nf6 4. e3 e6 5. Bd3 Nbd7 6. b3 Bd6 7. Bb2 O-O 8. O-O
b6 9. Nbd2 Bb7 10. Ne5 c5 11. cxd5 Nxd5 12. Ndc4 Nxe5 13. dxe5 Be7 14. a3 f5
15. exf6 Bxf6 16. Qh5 g6 17. Qh3 Bxb2 18. Qxe6+ Kg7 19. Nxb2 Re8 20. Qh3 Qf6
21. Na4 Rad8 22. Rad1 Re5 23. Rfe1 Qe7 24. Bf1 b5 25. e4 bxa4 26. exd5 Rxe1 27.
Qc3+ Qf6 28. Qxe1 axb3 29. Bc4 b2 30. h3 Bc8 31. Rb1 Rd7 32. Qe8 Qd4 33. Qxc8
Rf7 34. Ba2 Rxf2 35. Kh1 Rc2 36. Rf1 Rf2 37. Qc7+ Kh6 38. Rxf2 Qxf2 39. Kh2 Qd4
40. Qg3 c4 41. d6 c3 42. Bb1 Qd2 43. Qd3 Qf4+ 44. Kg1 Qc1+ 45. Kf2 Qf4+ 46. Ke2
1-0

[Event "Aeroflot Open 2007"]
[Site "Moscú RUS"]
[Date "2007.02.21"]
[Round "8.8"]
[White "Riazantsev, Alexander"]
[Black "Predojevic, Borki"]
[Result "1/2-1/2"]
[WhiteElo "2629"]
[BlackElo "2587"]
[PlyCount "42"]
[EventDate "2007.02.14"]
[EventType "swiss"]
[EventRounds "9"]
[EventCountry "RUS"]
[Source "lmi"]
[SourceDate "2007.02.13"]

1. d4 d5 2. c4 c6 3. Nf3 Nf6 4. Nc3 dxc4 5. a4 Bf5 6. e3 e6 7. Bxc4 Nbd7 8. O-O
Bb4 9. Nh4 O-O 10. Qb3 Qb6 11. Rd1 Rad8 12. Bd2 a5 13. h3 Bg6 14. Nxg6 hxg6 15.
Be1 e5 16. dxe5 Nxe5 17. Be2 Qc7 18. Qc2 Qe7 19. Rxd8 Rxd8 20. Rd1 Rxd1 21.
Qxd1 Ned7 1/2-1/2

[Event "Aeroflot Open 2007"]
[Site "Moscú RUS"]
[Date "2007.02.21"]
[Round "8.10"]
[White "Balogh, Csaba"]
[Black "Laznicka, Viktor"]
[Result "1/2-1/2"]
[WhiteElo "2616"]
[BlackElo "2593"]
[PlyCount "69"]
[EventDate "2007.02.14"]
[EventType "swiss"]
[EventRounds "9"]
[EventCountry "RUS"]
[Source "lmi"]
[SourceDate "2007.02.13"]

1. e4 e6 2. d4 d5 3. Nd2 dxe4 4. Nxe4 Nd7 5. Bd3 Ngf6 6. Qe2 c5 7. Nf3 cxd4 8.
O-O Nxe4 9. Bxe4 Nc5 10. Rd1 Be7 11. Nxd4 Nxe4 12. Qxe4 O-O 13. Be3 Qa5 14. a3
Qh5 15. c4 a6 16. b4 e5 17. Nf3 f6 18. Bb6 Qg4 19. Nd2 Bd8 20. Bxd8 Rxd8 21. f3
Qd7 22. c5 Qa4 23. Qc4+ Kf8 24. Qb3 Bd7 25. Qb1 Be6 26. Ne4 Bf5 27. Rxd8+ Rxd8
28. Qe1 Bxe4 29. Qxe4 Rd1+ 30. Rxd1 Qxd1+ 31. Kf2 Qd2+ 32. Kg3 Qg5+ 33. Kf2
Qd2+ 34. Kg3 Qg5+ 35. Kf2 1/2-1/2

[Event "Aeroflot Open 2007"]
[Site "Moscú RUS"]
[Date "2007.02.21"]
[Round "8.11"]
[White "Akopian, Vladimir"]
[Black "Najer, Evgeniy"]
[Result "1-0"]
[WhiteElo "2700"]
[BlackElo "2605"]
[PlyCount "71"]
[EventDate "2007.02.14"]
[EventType "swiss"]
[EventRounds "9"]
[EventCountry "RUS"]
[Source "lmi"]
[SourceDate "2007.02.13"]

1. e4 c5 2. Nf3 d6 3. d4 cxd4 4. Nxd4 Nf6 5. Nc3 a6 6. Be3 e5 7. Nb3 Be6 8. f3
Be7 9. Qd2 O-O 10. O-O-O Nbd7 11. g4 Qc7 12. g5 Nh5 13. Kb1 b5 14. Nd5 Bxd5 15.
exd5 Nb6 16. Na5 Nxd5 17. Qxd5 Qxa5 18. c4 Rab8 19. Bd3 Qd8 20. Rhg1 bxc4 21.
Bxc4 a5 22. Rc1 Qd7 23. Qxa5 Qf5+ 24. Ka1 Qxf3 25. Qd2 Nf4 26. Rgf1 Qh5 27.
Bxf4 exf4 28. h4 Qxh4 29. g6 hxg6 30. Rh1 Qg5 31. Rh2 Rxb2 32. Rch1 Rxa2+ 33.
Kxa2 Ra8+ 34. Kb3 Rb8+ 35. Kc2 Qf5+ 36. Qd3 1-0

[Event "Aeroflot Open 2007"]
[Site "Moscú RUS"]
[Date "2007.02.21"]
[Round "8.14"]
[White "Grigoriants, Sergey"]
[Black "Movsesian, Sergei"]
[Result "1/2-1/2"]
[WhiteElo "2592"]
[BlackElo "2637"]
[PlyCount "36"]
[EventDate "2007.02.14"]
[EventType "swiss"]
[EventRounds "9"]
[EventCountry "RUS"]
[Source "lmi"]
[SourceDate "2007.02.13"]

1. d4 d5 2. c4 c6 3. Nf3 Nf6 4. e3 Bg4 5. h3 Bxf3 6. Qxf3 e6 7. Nc3 Nbd7 8. Bd2
Bd6 9. Qd1 O-O 10. Be2 dxc4 11. Bxc4 Nb6 12. Be2 Qe7 13. Qc2 Nbd5 14. O-O e5
15. dxe5 Qxe5 16. g3 Qe6 17. Kg2 Nxc3 18. Bxc3 Ne4 1/2-1/2

[Event "Aeroflot Open 2007"]
[Site "Moscú RUS"]
[Date "2007.02.21"]
[Round "8.19"]
[White "Sadvakasov, Darmen"]
[Black "Luther, Thomas"]
[Result "1-0"]
[WhiteElo "2615"]
[BlackElo "2580"]
[PlyCount "105"]
[EventDate "2007.02.14"]
[EventType "swiss"]
[EventRounds "9"]
[EventCountry "RUS"]
[Source "lmi"]
[SourceDate "2007.02.13"]

1. e4 e6 2. d4 d5 3. Nc3 Nf6 4. Bg5 dxe4 5. Nxe4 Be7 6. Bxf6 gxf6 7. Nf3 f5 8.
Nc3 a6 9. Qe2 b5 10. O-O-O b4 11. Na4 Bb7 12. Nc5 Bd5 13. Rg1 h5 14. h3 c6 15.
g4 hxg4 16. hxg4 Qa5 17. gxf5 Qxa2 18. Nd3 Nd7 19. Nfe5 Nxe5 20. Qxe5 O-O-O 21.
fxe6 Bd6 22. Qe3 fxe6 23. Bg2 Rh7 24. Bxd5 exd5 25. Rde1 b3 26. cxb3 Rb7 27.
Qe6+ Kb8 28. Rg8 Rxg8 29. Qxg8+ Ka7 30. Re8 Qxb3 31. Ra8+ Kb6 32. Qd8+ Bc7 33.
Rxa6+ Kxa6 34. Qa8+ Kb6 35. Qxb7+ Kxb7 36. Nc5+ Kb6 37. Nxb3 Kb5 38. Nc5 Bh2
39. Ne6 Kc4 40. Kc2 Bd6 41. f3 Be7 42. f4 Bf6 43. f5 Bh8 44. Kd2 Bf6 45. Ke3
Be7 46. Kf4 Bd6+ 47. Kg5 Kb3 48. f6 Kxb2 49. Kg6 Kc3 50. Kf7 Kc4 51. Ke8 Kb5
52. f7 Ba3 53. Nc5 1-0

[Event "Aeroflot Open 2007"]
[Site "Moscú RUS"]
[Date "2007.02.21"]
[Round "8.22"]
[White "Harika, Dronavalli"]
[Black "Volokitin, Andrei"]
[Result "1/2-1/2"]
[WhiteElo "2421"]
[BlackElo "2645"]
[PlyCount "70"]
[EventDate "2007.02.14"]
[EventType "swiss"]
[EventRounds "9"]
[EventCountry "RUS"]
[Source "lmi"]
[SourceDate "2007.02.13"]

1. d4 Nf6 2. c4 e6 3. Nc3 Bb4 4. f3 c5 5. d5 O-O 6. e4 d6 7. Nge2 b5 8. Nf4
exd5 9. Nfxd5 Nxd5 10. Qxd5 Qb6 11. Bd2 Be6 12. Qxa8 bxc4 13. a3 Ba5 14. b4
cxb3 15. Nd5 Bxd2+ 16. Kxd2 Qa5+ 17. Ke3 Nd7 18. Qc6 Bxd5 19. Qxd7 Qc3+ 20. Bd3
Qd4+ 21. Ke2 c4 22. exd5 Qxd3+ 23. Kf2 c3 24. Rae1 c2 25. Re8 Qd2+ 26. Kg3 Qg5+
27. Kf2 Qd2+ 28. Kg3 g6 29. Rxf8+ Kxf8 30. Qxd6+ Kg7 31. Qe5+ Kh6 32. d6 b2 33.
Qxb2 Qg5+ 34. Kf2 Qd2+ 35. Kg3 Qg5+ 1/2-1/2

[Event "Aeroflot Open 2007"]
[Site "Moscú RUS"]
[Date "2007.02.21"]
[Round "8.25"]
[White "Azarov, Sergei"]
[Black "Mamedov, Rauf"]
[Result "1/2-1/2"]
[WhiteElo "2583"]
[BlackElo "2566"]
[PlyCount "110"]
[EventDate "2007.02.14"]
[EventType "swiss"]
[EventRounds "9"]
[EventCountry "RUS"]
[Source "lmi"]
[SourceDate "2007.02.13"]

1. e4 c5 2. Nf3 Nc6 3. d4 cxd4 4. Nxd4 Nf6 5. Nc3 e5 6. Ndb5 d6 7. Bg5 a6 8.
Na3 b5 9. Bxf6 gxf6 10. Nd5 f5 11. c3 Bg7 12. exf5 Bxf5 13. Nc2 O-O 14. Nce3
Be6 15. Bd3 f5 16. O-O Kh8 17. Qh5 Bf7 18. Qh3 e4 19. Bc2 Ne5 20. Rad1 Bxd5 21.
Rxd5 Qf6 22. f4 exf3 23. gxf3 Qg5+ 24. Ng2 Nc4 25. Bxf5 Qh6 26. b3 Qxh3 27.
Bxh3 Nb2 28. Bf5 Bxc3 29. Be4 Rae8 30. Ne3 a5 31. Rxd6 Rd8 32. Rxd8 Rxd8 33.
Nd5 Bd4+ 34. Kh1 Nd3 35. Bxd3 Rxd5 36. Be4 Rh5 37. Rd1 Be5 38. Rd5 Rxh2+ 39.
Kg1 Bf4 40. Rf5 Bd6 41. Rd5 Bf4 42. a4 bxa4 43. bxa4 Ra2 44. Rxa5 Kg7 45. Kf1
h5 46. Rxh5 Rxa4 47. Rf5 Bd6 48. Rd5 Ra6 49. Kg2 Kf6 50. Kh3 Ke6 51. Rb5 Ra1
52. Bb1 Ra4 53. Bf5+ Kf6 54. Be4 Ra2 55. Rf5+ Ke6 1/2-1/2

[Event "Aeroflot Open 2007"]
[Site "Moscú RUS"]
[Date "2007.02.21"]
[Round "8.27"]
[White "Harikrishna, Penteala"]
[Black "Vorobiov, Evgeny E"]
[Result "1/2-1/2"]
[WhiteElo "2673"]
[BlackElo "2563"]
[PlyCount "149"]
[EventDate "2007.02.14"]
[EventType "swiss"]
[EventRounds "9"]
[EventCountry "RUS"]
[Source "lmi"]
[SourceDate "2007.02.13"]

1. d4 d5 2. c4 dxc4 3. Nf3 e6 4. e3 Nf6 5. Bxc4 c5 6. O-O a6 7. Bd3 b6 8. dxc5
Bxc5 9. e4 Bb7 10. Nc3 Nbd7 11. Bf4 Nh5 12. Bg5 Be7 13. Be3 Nc5 14. Bc2 Qxd1
15. Rfxd1 Nf6 16. Nd2 Rc8 17. f3 b5 18. Rac1 O-O 19. Nb3 Nxb3 20. Bxb3 Rfd8 21.
Bb6 Rxd1+ 22. Rxd1 Bc6 23. Ne2 Nd7 24. Be3 Nc5 25. Bc2 Kf8 26. Nd4 Be8 27. b3
Nd7 28. Bd3 Ne5 29. Bf1 Nc6 30. Rc1 Bd7 31. Ne2 Nb4 32. Rxc8+ Bxc8 33. a4 Nc2
34. Bb6 Na1 35. Nd4 e5 36. Nc6 Nxb3 37. axb5 axb5 38. Nxe7 Kxe7 39. Bxb5 Nd4
40. Bc5+ Kf6 41. Bd3 g5 42. Kf2 Ne6 43. Be3 Bd7 44. Bc4 h6 45. Ke1 Nd4 46. Kf2
Bb5 47. Ba2 Ne6 48. Bb3 Ba6 49. g3 Bb5 50. Ke1 Ba6 51. Kd2 Bb5 52. Bb6 Ba6 53.
Ke3 Bb5 54. Ba5 Ba6 55. Bc3 Bb5 56. Bd1 Ba6 57. Kd2 Bb5 58. Ba5 Ba6 59. Bb6 Bb5
60. Kc3 Ba6 61. Be3 Bb5 62. Kb4 Bf1 63. Bd2 Nd4 64. f4 gxf4 65. gxf4 Ne6 66.
fxe5+ Kxe5 67. Bxh6 Kxe4 68. h4 f5 69. h5 f4 70. Bg4 Nd4 71. Bg7 Nf5 72. h6
Nxh6 73. Bxh6 f3 74. Bf8 Kf4 75. Bxf3 1/2-1/2

[Event "Aeroflot Open 2007"]
[Site "Moscú RUS"]
[Date "2007.02.21"]
[Round "8.30"]
[White "Moiseenko, Alexander"]
[Black "Gareev, Timur"]
[Result "1-0"]
[WhiteElo "2627"]
[BlackElo "2551"]
[PlyCount "97"]
[EventDate "2007.02.14"]
[EventType "swiss"]
[EventRounds "9"]
[EventCountry "RUS"]
[Source "lmi"]
[SourceDate "2007.02.13"]

1. d4 Nf6 2. c4 e6 3. Nf3 Bb4+ 4. Nbd2 b6 5. a3 Bxd2+ 6. Qxd2 d6 7. e3 Qe7 8.
b4 e5 9. dxe5 dxe5 10. Bb2 Nbd7 11. Be2 Bb7 12. O-O O-O 13. Rfd1 Rad8 14. Qc2
Ne4 15. Nd2 Ng5 16. f3 c5 17. Nf1 f5 18. Qa4 a6 19. Rd2 Nf6 20. Rad1 Rxd2 21.
Rxd2 f4 22. exf4 exf4 23. bxc5 bxc5 24. Qa5 h5 25. Qb6 Nfe4 26. fxe4 Qxe4 27.
Bf3 Nxf3+ 28. gxf3 Qxf3 29. Qg6 Qh1+ 30. Kf2 Qf3+ 31. Ke1 Qg4 32. Qxg4 hxg4 33.
Rd7 Re8+ 34. Kf2 Bf3 35. Nd2 Re2+ 36. Kf1 g6 37. Nxf3 gxf3 38. Bf6 Rxh2 39. Rc7
Ra2 40. Rxc5 Kf7 41. Bg5 Rxa3 42. Kf2 Rc3 43. Bxf4 a5 44. Be5 Ra3 45. Rc6 g5
46. Rf6+ Ke7 47. Rxf3 Ra4 48. Rc3 Ke6 49. Bg3 1-0

[Event "Aeroflot Open 2007"]
[Site "Moscú RUS"]
[Date "2007.02.21"]
[Round "8.33"]
[White "Petrosian, Tigran L"]
[Black "Maslak, Konstantin"]
[Result "0-1"]
[WhiteElo "2592"]
[BlackElo "2539"]
[PlyCount "139"]
[EventDate "2007.02.14"]
[EventType "swiss"]
[EventRounds "9"]
[EventCountry "RUS"]
[Source "lmi"]
[SourceDate "2007.02.13"]

1. d4 Nf6 2. Nf3 g6 3. g3 Bg7 4. Bg2 O-O 5. O-O d6 6. c4 Nc6 7. Nc3 Bf5 8. b3
Ne4 9. Bb2 Nxc3 10. Bxc3 Be4 11. Rc1 d5 12. e3 e6 13. Qe2 a5 14. Rfd1 Ne7 15.
Bh3 Bxf3 16. Qxf3 f5 17. Qe2 c6 18. f3 Kh8 19. Kh1 Ng8 20. Bg2 Nf6 21. Rf1 Qd7
22. Rce1 a4 23. g4 axb3 24. axb3 Qe7 25. Ra1 h6 26. Rxa8 Rxa8 27. e4 dxe4 28.
fxe4 Nxg4 29. h3 Qh4 30. Be1 Qh5 31. d5 cxd5 32. cxd5 exd5 33. exf5 gxf5 34.
Qd3 Ra1 35. Kg1 Nf6 36. Bc3 Rxf1+ 37. Kxf1 Ne4 38. Bxg7+ Kxg7 39. Qxd5 Qf7 40.
Qd3 Qf6 41. Kg1 Qa1+ 42. Kh2 Qe5+ 43. Kg1 b5 44. b4 Nd6 45. Qd2 Kg6 46. Bf3 Ne4
47. Qd8 Qg3+ 48. Bg2 Qe3+ 49. Kh2 Nf6 50. Qd6 f4 51. Qd1 h5 52. Qc2+ Kg5 53.
Qc5+ Qxc5 54. bxc5 Kf5 55. c6 Ne8 56. Bf3 h4 57. Kg2 b4 58. Kf2 b3 59. Bd1 b2
60. Bc2+ Ke5 61. Kf3 Nc7 62. Kg4 Nd5 63. Bb1 Kd6 64. Kxh4 Ne3 65. Be4 Kc7 66.
Bd3 Kxc6 67. Kg5 f3 68. Kf4 f2 69. Kxe3 f1=Q 70. Bb5+ 0-1

[Event "Aeroflot Open 2007"]
[Site "Moscú RUS"]
[Date "2007.02.21"]
[Round "8.34"]
[White "Andriasian, Zaven"]
[Black "Ivanov, Alexander"]
[Result "1-0"]
[WhiteElo "2508"]
[BlackElo "2577"]
[PlyCount "89"]
[EventDate "2007.02.14"]
[EventType "swiss"]
[EventRounds "9"]
[EventCountry "RUS"]
[Source "lmi"]
[SourceDate "2007.02.13"]

1. e4 e5 2. Nf3 Nc6 3. d4 exd4 4. Nxd4 Nf6 5. Nc3 Bb4 6. Nxc6 bxc6 7. Bd3 d5 8.
exd5 cxd5 9. O-O O-O 10. Bg5 c6 11. Na4 h6 12. Bh4 Be6 13. Rc1 Be7 14. c4 d4
15. Re1 Re8 16. Bb1 Qa5 17. Bg3 c5 18. b3 Bf8 19. Nb2 Bd7 20. Be5 Ng4 21. Nd3
f6 22. Bg3 Rxe1+ 23. Nxe1 f5 24. Nf3 g6 25. h3 Nf6 26. Ne5 Be8 27. Qf3 Qd8 28.
Re1 Rc8 29. h4 Bg7 30. Bh2 Qb6 31. g4 fxg4 32. Nxg4 Qc6 33. Rxe8+ Nxe8 34. Be4
Qd7 35. Bxg6 Rd8 36. Be4 Nd6 37. Bd5+ Nf7 38. Ne5 Bxe5 39. Bxe5 Kf8 40. Bd6+
Kg7 41. Bxc5 d3 42. Qg3+ Kf6 43. Bd4+ Ke7 44. Qg6 Rf8 45. Qf6+ 1-0

[Event "Aeroflot Open 2007"]
[Site "Moscú RUS"]
[Date "2007.02.21"]
[Round "8.35"]
[White "Ganguly, Surya Shekhar"]
[Black "Safarli, Eltaj"]
[Result "1-0"]
[WhiteElo "2571"]
[BlackElo "2445"]
[PlyCount "91"]
[EventDate "2007.02.14"]
[EventType "swiss"]
[EventRounds "9"]
[EventCountry "RUS"]
[Source "lmi"]
[SourceDate "2007.02.13"]

1. e4 c5 2. Nf3 d6 3. d4 cxd4 4. Nxd4 Nf6 5. Nc3 a6 6. Be2 e5 7. Nb3 Be7 8. O-O
O-O 9. Re1 Be6 10. Bf3 Nbd7 11. a4 Qc7 12. a5 Rfc8 13. Nd2 b5 14. axb6 Nxb6 15.
Nf1 a5 16. Ne3 a4 17. Bd2 Bf8 18. Qe2 Qb7 19. Red1 Nc4 20. Rdb1 Nxd2 21. Qxd2
Qb4 22. Qd3 Ra5 23. Ra3 Qd4 24. b4 axb3 25. Rxa5 Rxc3 26. Qe2 Nxe4 27. cxb3 Nc5
28. Rd1 Qb4 29. Rb5 Qa3 30. b4 Nb3 31. Rb8 Nd4 32. Qe1 Rc8 33. Rxc8 Bxc8 34.
Bd5 g6 35. Ra1 Qd3 36. Qf1 Qd2 37. Qc4 Be6 38. Bxe6 fxe6 39. h3 d5 40. Qc7 Ne2+
41. Kf1 Qc3 42. Ra7 Qxc7 43. Rxc7 Nd4 44. Rb7 Bd6 45. b5 Kf8 46. Ng4 1-0

[Event "Aeroflot Open 2007"]
[Site "Moscú RUS"]
[Date "2007.02.21"]
[Round "8.40"]
[White "Kosintseva, Tatiana"]
[Black "Berg, Emanuel"]
[Result "0-1"]
[WhiteElo "2474"]
[BlackElo "2586"]
[PlyCount "66"]
[EventDate "2007.02.14"]
[EventType "swiss"]
[EventRounds "9"]
[EventCountry "RUS"]
[Source "lmi"]
[SourceDate "2007.02.13"]

1. e4 e6 2. d4 d5 3. Nc3 Bb4 4. e5 Qd7 5. a3 Bxc3+ 6. bxc3 b6 7. Qg4 f5 8. Qg3
Ba6 9. Bxa6 Nxa6 10. Ne2 Nb8 11. h4 Nc6 12. h5 O-O-O 13. Bg5 Rf8 14. Nf4 Nh6
15. Bxh6 gxh6 16. Qd3 Kb7 17. a4 Na5 18. Ke2 a6 19. Rhb1 Rhg8 20. g3 Ka7 21.
Kf1 Rc8 22. Rb4 c5 23. Rbb1 Rc6 24. dxc5 Rxc5 25. Qe3 Nc4 26. Qd4 a5 27. Nd3
Rc6 28. Qf4 Rg5 29. Kg2 Qg7 30. Re1 Rg4 31. Qc1 Rc8 32. Qd1 f4 33. Qe2 Rg8 0-1

[Event "Aeroflot Open 2007"]
[Site "Moscú RUS"]
[Date "2007.02.21"]
[Round "8.41"]
[White "Lahno, Kateryna"]
[Black "Kuzubov, Yuriy"]
[Result "1/2-1/2"]
[WhiteElo "2456"]
[BlackElo "2554"]
[PlyCount "28"]
[EventDate "2007.02.14"]
[EventType "swiss"]
[EventRounds "9"]
[EventCountry "RUS"]
[Source "lmi"]
[SourceDate "2007.02.13"]

1. e4 c5 2. Nf3 Nc6 3. Bb5 e6 4. O-O Nge7 5. c3 a6 6. Ba4 b5 7. Bc2 Bb7 8. Qe2
d5 9. e5 Qb6 10. h4 Rd8 11. Rd1 d4 12. Be4 Nd5 13. d3 Be7 14. cxd4 cxd4 1/2-1/2

[Event "Aeroflot Open 2007"]
[Site "Moscú RUS"]
[Date "2007.02.21"]
[Round "8.43"]
[White "Khismatullin, Denis"]
[Black "Kosintseva, Nadezhda"]
[Result "0-1"]
[WhiteElo "2599"]
[BlackElo "2496"]
[PlyCount "54"]
[EventDate "2007.02.14"]
[EventType "swiss"]
[EventRounds "9"]
[EventCountry "RUS"]
[Source "lmi"]
[SourceDate "2007.02.13"]

1. c4 Nf6 2. Nf3 e6 3. d4 d5 4. Bg5 Nbd7 5. cxd5 exd5 6. Nc3 c6 7. e3 Bd6 8.
Bd3 O-O 9. Qc2 h6 10. Bh4 Re8 11. O-O-O b5 12. g4 g5 13. Bg3 Bxg3 14. hxg3 Nxg4
15. Nh2 Ndf6 16. Nf1 Kg7 17. Re1 c5 18. dxc5 d4 19. Nxb5 Bb7 20. e4 Qa5 21. Nd2
Nxf2 22. Rhf1 N2xe4 23. Nxe4 Nxe4 24. Qc4 Qd2+ 25. Kb1 Qxe1+ 26. Rxe1 Nd2+ 27.
Kc2 Nxc4 0-1

[Event "Aeroflot Open 2007"]
[Site "Moscú RUS"]
[Date "2007.02.22"]
[Round "9.10"]
[White "Predojevic, Borki"]
[Black "Asrian, Karen"]
[Result "1/2-1/2"]
[WhiteElo "2587"]
[BlackElo "2634"]
[PlyCount "46"]
[EventDate "2007.02.14"]
[EventType "swiss"]
[EventRounds "9"]
[EventCountry "RUS"]
[Source "lmi"]
[SourceDate "2007.02.13"]

1. e4 e6 2. d4 d5 3. Nc3 Bb4 4. e5 c5 5. a3 Bxc3+ 6. bxc3 Qa5 7. Bd2 Qa4 8. Qb1
c4 9. Ne2 Nc6 10. g3 Bd7 11. Bg2 O-O-O 12. O-O Nge7 13. Re1 Kb8 14. Nf4 g6 15.
Qc1 h6 16. Bh3 Nc8 17. Bg4 Nb6 18. h4 Qa5 19. h5 g5 20. Ne2 Na4 21. Kg2 Rdf8
22. Ng1 f5 23. exf6 Rxf6 1/2-1/2

[Event "Aeroflot Open 2007"]
[Site "Moscú RUS"]
[Date "2007.02.22"]
[Round "9.11"]
[White "Efimenko, Zahar"]
[Black "Riazantsev, Alexander"]
[Result "1/2-1/2"]
[WhiteElo "2616"]
[BlackElo "2629"]
[PlyCount "61"]
[EventDate "2007.02.14"]
[EventType "swiss"]
[EventRounds "9"]
[EventCountry "RUS"]
[Source "lmi"]
[SourceDate "2007.02.13"]

1. e4 c6 2. d4 d5 3. e5 Bf5 4. Be3 Qb6 5. Qc1 e6 6. Nd2 c5 7. Nb3 c4 8. Nd2 f6
9. Ngf3 Qc7 10. c3 Nc6 11. b3 fxe5 12. dxe5 Nxe5 13. Nxe5 Qxe5 14. bxc4 Bc5 15.
Nf3 Bxe3 16. fxe3 Qd6 17. cxd5 Qxd5 18. Qa3 Rc8 19. Qxa7 Nf6 20. c4 Qc5 21.
Qxc5 Rxc5 22. Nd4 Re5 23. Nxf5 exf5 24. Bd3 f4 25. Rf1 Rxe3+ 26. Kd2 Ne4+ 27.
Bxe4 Rxe4 28. Kd3 Re3+ 29. Kd4 O-O 30. Rxf4 Rxf4+ 31. Kxe3 1/2-1/2

[Event "Aeroflot Open 2007"]
[Site "Moscú RUS"]
[Date "2007.02.22"]
[Round "9.16"]
[White "Movsesian, Sergei"]
[Black "Jussupow, Artur"]
[Result "1/2-1/2"]
[WhiteElo "2637"]
[BlackElo "2599"]
[PlyCount "27"]
[EventDate "2007.02.14"]
[EventType "swiss"]
[EventRounds "9"]
[EventCountry "RUS"]
[Source "lmi"]
[SourceDate "2007.02.13"]

1. e4 e6 2. d4 d5 3. Nd2 c5 4. Ngf3 Nc6 5. exd5 exd5 6. Bb5 Bd6 7. dxc5 Bxc5 8.
O-O Nge7 9. c4 O-O 10. Nb3 Bb6 11. c5 Bc7 12. Bg5 Bg4 13. Re1 f6 14. Bh4
1/2-1/2